Statistics for TV Channels

Click here to take the quiz!

General Stats

  • This quiz has been taken 242 times
  • The average score is 6 of 8

Answer Stats

Answer% Correct
Disney
97%
Netflix
95%
NBC
91%
Nickelodeon
87%
Hulu
86%
CBS
80%
Playboy TV
51%
TiVo
47%

Score Distribution

Percentile by Number Answered

Percent of People with Each Score

Your Score History

You have not taken this quiz